Sports Quiz

Random Sports or Basketball Quiz

NBA Career Ranking Showdown Quiz Stats

 Plays Quiz Updated Jun 11, 2018

Also try: Wheaties Box A-Z
Challenge
Share
Tweet
Embed
Score 0/18 Timer 08:00
1 Play Today
% Correct
Kareem Abdul-Jabbar
92%
John Stockton
89.3%
Michael Jordan
81.3%
Reggie Miller
74.1%
Dikembe Mutombo
73.9%
Jason Kidd
70.2%
Wilt Chamberlain
69.5%
Hakeem Olajuwon
67.7%
Karl Malone
66.8%
% Correct
Bill Russell
59.8%
Robert Parish
57.3%
Gary Payton
56.6%
Charles Barkley
53.4%
Rick Barry
40.3%
Larry Bird
39.5%
Tim Hardaway
35.1%
Jerry West
35%
Oscar Robertson
31.1%

You're not logged in!

Compare scores with friends on all Sporcle quizzes.
Join for Free
OR
Log In

You Might Also Like...

Show Comments

Extras

Top Quizzes Today


Score Distribution

Your Account Isn't Verified!

In order to create a playlist on Sporcle, you need to verify the email address you used during registration. Go to your Sporcle Settings to finish the process.

Report this User

Report this user for behavior that violates our Community Guidelines.

Details: